Normal view
MARC view
Entry Personal Name
001 - CONTROL NUMBER
- control field: 123796
003 - CONTROL NUMBER IDENTIFIER
- control field:
005 - DATE AND TIME OF LATEST TRANSACTION
- control field: 20210601185322.0
008 - FIXED-LENGTH DATA ELEMENTS
- fixed length control field: 210601|| aca||aabn | a|a d
040 ## - CATALOGING SOURCE
- Original cataloging agency:
- Transcribing agency:
100 ## - HEADING--PERSONAL NAME
- Personal name: Clough, Arthur Hugh
- Dates associated with a name: 1819-1861A
- General subdivision: Criticism and interpretation
670 ## - SOURCE DATA FOUND
- Source citation: Work cat.: (): Timko, Michael 123795, Innocent Victorian:, c1966
